Normal view
MARC view
- Gas industry.
Entry Topical Term
001 - CONTROL NUMBER
- control field: 7350
003 - CONTROL NUMBER IDENTIFIER
- control field: NUST
005 - DATE AND TIME OF LATEST TRANSACTION
- control field: 20171215115741.0
008 - FIXED-LENGTH DATA ELEMENTS
- fixed length control field: 171215|| aca||aabn | a|a d
040 ## - CATALOGING SOURCE
- Original cataloging agency: NUST
- Transcribing agency: NUST
150 ## - HEADING--TOPICAL TERM
- Topical term or geographic name entry element: Gas industry.
670 ## - SOURCE DATA FOUND
- Source citation: Work cat.: (NUST)0: Kidnay, A. J. 7349, Fundamentals of natural gas processing., c2011.
